000 01662nam a2200241 a 4500
001 000045891
005 20201002052515.0
008 150526s2015 dr 000 0 spa d
020 _a9789945891263
040 _aDO-SdBNP
_bspa
_cBNPHU
082 _axxxx
_bxxxx
100 1 _aReyes Vásquez, Raúl
_973960
245 1 3 _aEl registro de estado civil :
_bhistoria y evolución /
_cRaúl Reyes Vásquez ; prólogo Rafael Luciano Pichardo.
260 _aSanto Domingo :
_bGaceta Judicial,
_c2015.
300 _a772 p. ;
_c23 cm.
490 1 _aManuales
500 _aIncluye referencias bibliográficas y notas al pie de las páginas
500 _aIncluye datos biográficos del autor en la solapa de la cubierta.
504 _aBibliografía : p. 763-772
505 0 _gParte I
_tImportancia del registro civil --
_tHistoria --
_tEvolución del registro de estado civil en la República Dominicana --
_gParte II
_tConformación del registro de estado civil --
_tRegistros del estado civil --
_tActas del estado civil --
_tTranscripción de actas del estado civil --
_tPérdida, destrucción u omisión de los registros --
_tRectificación de las actas del estado civil --
_tLa regla "error communis facit jus" en materia de estado civil --
_tLas actas del estado civil y la actitud notarial --
_tParalelismo operativo entre las actas del esado civil y el código del menor --
_gParte III
_tEstudio particular de cada acta y su contenido --
_tActa de nacimiento --
_tActa de matrimonio --
_tActa de reconocimiento --
_tActa de divorcio --
_tActa de difunción --
_tConclusión del registro civil --
700 1 2 _aPichardo, Rafael Luciano,
_epról.
_938362
830 0 _aManuales
_935652
999 _c45380
_d45380